000 00380nam a2200169Ia 4500
008 210210b1950 xxu||||| |||| 00| 0 eng d
041 _aeng
082 _a534/72
100 _aNelkon (M)
245 _aLight and sound
260 _aMelbourne
_bWilliam Heinemann Ltd.
_c1950
300 _avii,342
650 _asound
650 _aLight
690 _aSound
906 _a008560
999 _c126401
_d126401